00797nam a2200217 i 450000100060000000300090000600500170001500700030003200800410003510000390007624500760011525000120019126000590020330000360026249000390029865000350033783000470037285200220041999900170044195201210045839384ES-MaACL20230906155949.0t|030303s1956 sp ||||1| spa d1 aCalleja Pérez, Nicolás.93372910aAnatomía topográfica del caballo / cpor Nicolás Calleja Pérez. a2ª ed. aBarcelona : bLabor, c1956 (fTall. Ibero-Americanos) aXXII, 405 p. : bil. ; c24 cm.1 aPublicaciones de veterinaria Labor 4aCaballos-xAnatomía.91682831 aPublicaciones de veterinaria Labor9229702 aES-MaACLjC-10966 c39384d39384 00104070aATENEOMbATENEOMcSPALd2008-01-17eSCl0oC-10966p1041478r2023-02-23 00:00:00w2023-02-23yMONOGRAFIA